<?xml version="1.0" encoding="UTF-8"?>
<record
    xmlns:xsi="http://www.w3.org/2001/XMLSchema-instance"
    xsi:schemaLocation="http://www.loc.gov/MARC21/slim http://www.loc.gov/standards/marcxml/schema/MARC21slim.xsd"
    xmlns="http://www.loc.gov/MARC21/slim">

  <leader>04196cam a2200325   4500500</leader>
  <controlfield tag="005">20260517000347.0</controlfield>
  <datafield tag="041" ind1=" " ind2=" ">
    <subfield code="a">fre</subfield>
  </datafield>
  <datafield tag="042" ind1=" " ind2=" ">
    <subfield code="a">dc</subfield>
  </datafield>
  <datafield tag="100" ind1="1" ind2="0">
    <subfield code="a">Ahanhanzo, Yolaine Gl&#xE8;l&#xE8;</subfield>
    <subfield code="e">author</subfield>
  </datafield>
  <datafield tag="700" ind1="1" ind2="0">
    <subfield code="a">Saizonou, Jacques</subfield>
    <subfield code="e">author</subfield>
  </datafield>
  <datafield tag="700" ind1="1" ind2="0">
    <subfield code="a">Wodon, Alain</subfield>
    <subfield code="e">author</subfield>
  </datafield>
  <datafield tag="700" ind1="1" ind2="0">
    <subfield code="a">Dujardin, Bruno</subfield>
    <subfield code="e">author</subfield>
  </datafield>
  <datafield tag="700" ind1="1" ind2="0">
    <subfield code="a">Wilmet-Dramaix, Mich&#xE8;le</subfield>
    <subfield code="e">author</subfield>
  </datafield>
  <datafield tag="700" ind1="1" ind2="0">
    <subfield code="a">Makoutod&#xE9;, Michel</subfield>
    <subfield code="e">author</subfield>
  </datafield>
  <datafield tag="245" ind1="0" ind2="0">
    <subfield code="a">Implication des agents de sant&#xE9; dans la conception des outils de collecte de donn&#xE9;es au B&#xE9;nin</subfield>
  </datafield>
  <datafield tag="260" ind1=" " ind2=" ">
    <subfield code="c">2015.
							</subfield>
  </datafield>
  <datafield tag="500" ind1=" " ind2=" ">
    <subfield code="a">32</subfield>
  </datafield>
  <datafield tag="520" ind1=" " ind2=" ">
    <subfield code="a">Introduction&#xA0;: L&#x2019;insuffisance de qualit&#xE9; des donn&#xE9;es issues des Syst&#xE8;mes d&#x2019;Informations sanitaires constitue un probl&#xE8;me pour la planification dans le syst&#xE8;me de sant&#xE9;. La faible implication des agents de sant&#xE9; qui sont en premi&#xE8;re ligne pour la collecte des donn&#xE9;es dans la mise en place du syst&#xE8;me de collecte y contribue. Cette &#xE9;tude documente une exp&#xE9;rience de conception des outils de collecte du Syst&#xE8;me d&#x2019;Information sanitaire par les agents de sant&#xE9; et &#xE9;value l&#x2019;effet de cette exp&#xE9;rience sur la qualit&#xE9; des donn&#xE9;es. M&#xE9;thodes&#xA0;: L&#x2019;&#xE9;tude a impliqu&#xE9; 80&#xA0;agents de sant&#xE9; responsables des statistiques dans les centres de sant&#xE9; publics. Les deux outils utilis&#xE9;s pour la collecte de donn&#xE9;es au dispensaire ont fait l&#x2019;objet de modifications. Avant et apr&#xE8;s utilisation des nouveaux outils, les indicateurs de suivi, dur&#xE9;e de remplissage, pourcentage d&#x2019;exhaustivit&#xE9; et qualit&#xE9; des donn&#xE9;es ont &#xE9;t&#xE9; &#xE9;valu&#xE9;s. Les comparaisons sont faites avec le test de Wilcoxon pour donn&#xE9;es appari&#xE9;es et avec le test de Chi2 de Mc Nemar. R&#xE9;sultats&#xA0;: Entre les deux &#xE9;valuations, la dur&#xE9;e de remplissage est pass&#xE9;e de 28,7 &#xE0; 22,5 secondes par cas notifi&#xE9; (p = 0,153), l&#x2019;exhaustivit&#xE9; des rapports a augment&#xE9; de 16&#xA0;% &#xE0; 89&#xA0;% (p&#xA0;&lt;&#xA0;0,001) et la proportion de rapports avec une qualit&#xE9; suffisante des donn&#xE9;es est pass&#xE9;e de 18,8&#xA0;% &#xE0; 45,8&#xA0;% (p = 0,002). Conclusion&#xA0;: L&#x2019;&#xE9;volution des indicateurs montre qu&#x2019;une plus grande implication des utilisateurs dans les &#xE9;tapes-cl&#xE9;s comme la conception des outils de collecte peut contribuer &#xE0; l&#x2019;am&#xE9;lioration de la qualit&#xE9; des donn&#xE9;es.</subfield>
  </datafield>
  <datafield tag="520" ind1=" " ind2=" ">
    <subfield code="a">Health workers&#x2019; involvement for data quality improvement in Benin Objective&#xA0;: In developing countries, the poor quality of data derived from Health Information Systems constitutes a problem that limits use of these data and contributes to the recurrent difficulties of health system management. The low level of involvement of health workers directly responsible for data may contribute to this poor quality. This study documents a Health Information System collection tool design experience by health workers and assesses its effect on data quality. Methods&#xA0;: Eighty health workers responsible for clinical statistics in public health centres participated in this study. The two tools used for clinical data collection were modified by a group of 6 volunteer health workers. Monitoring indicators, data entry time, percentage exhaustiveness and quality of data were assessed before and after using the new tools. Data were compared by Wilcoxon&#x2019;s test for paired data and Mc Nemar&#x2019;s chi-square test. Results&#xA0;: Between the two assessments, the data entry time increased from 28.7 to 22.5 seconds by reported case (p = 0.153), the exhaustiveness of the reports increased from 16% to 89% (p&#xA0;&lt;&#xA0;0.001) and the proportion of reports with sufficient data quality increased from 18.8% to 45.8% (p = 0.002). Conclusion&#xA0;: The positive course of the indicators shows that increased involvement of health workers in key stages such as the design of data collection tools can help improve data quality.</subfield>
  </datafield>
  <datafield tag="690" ind1=" " ind2=" ">
    <subfield code="a">am&#xE9;lioration de la qualit&#xE9;</subfield>
  </datafield>
  <datafield tag="690" ind1=" " ind2=" ">
    <subfield code="a">B&#xE9;nin</subfield>
  </datafield>
  <datafield tag="690" ind1=" " ind2=" ">
    <subfield code="a">collecte de donn&#xE9;es</subfield>
  </datafield>
  <datafield tag="690" ind1=" " ind2=" ">
    <subfield code="a">syst&#xE8;mes d&#x2019;information sur la sant&#xE9;</subfield>
  </datafield>
  <datafield tag="690" ind1=" " ind2=" ">
    <subfield code="a">Benin</subfield>
  </datafield>
  <datafield tag="690" ind1=" " ind2=" ">
    <subfield code="a">data collection</subfield>
  </datafield>
  <datafield tag="690" ind1=" " ind2=" ">
    <subfield code="a">health information systems</subfield>
  </datafield>
  <datafield tag="690" ind1=" " ind2=" ">
    <subfield code="a">quality improvement</subfield>
  </datafield>
  <datafield tag="786" ind1="0" ind2=" ">
    <subfield code="n">Sant&#xE9; Publique | 27 | 2 | 2015-06-02 | p. 241-248 | 0995-3914</subfield>
  </datafield>
  <datafield tag="856" ind1="4" ind2="1">
    <subfield code="u">https://stm.cairn.info/revue-sante-publique-2015-2-page-241?lang=fr&amp;redirect-ssocas=7080</subfield>
  </datafield>
  <datafield tag="999" ind1=" " ind2=" ">
    <subfield code="c">2231616</subfield>
    <subfield code="d">2231616</subfield>
  </datafield>
</record>
